|
|
|
|
| LEADER |
00000nbm0a2200000 4500 |
| 001 |
262722 |
| 005 |
20240208115341.0 |
| 035 |
|
|
|a (RuTPU)RU\TPU\book\285705
|
| 090 |
|
|
|a 262722
|
| 100 |
|
|
|a 20140603j20140528k y0rusy50 ca
|
| 101 |
0 |
|
|a rus
|
| 102 |
|
|
|a RU
|
| 105 |
|
|
|a a m 001zy
|
| 200 |
1 |
|
|a Сложные эфиры фенолокислот фенолгликозидов: общие методы синтеза и нахождение в коре Populus tremula (осины обыкновенной)
|e диссертация на соискание ученой степени кандидата химических наук
|e Спец. 02.00.03
|f Е. В. Степанова
|g Национальный исследовательский Томский политехнический университет (ТПУ) ; науч. рук. В. Д. Филимонов
|
| 210 |
|
|
|a Томск
|d 2014
|
| 215 |
|
|
|a 144 л.
|c ил.
|
| 320 |
|
|
|a Библиогр.: с.113-133 (274 назв.).
|
| 606 |
1 |
|
|a Фармакологические препараты растительного происхождения
|x Синтез
|2 stltpush
|3 (RuTPU)RU\TPU\subj\73347
|9 86379
|
| 610 |
1 |
|
|a сложные эфиры
|
| 610 |
1 |
|
|a фенолокислоты
|
| 610 |
1 |
|
|a фенолгликозиды
|
| 610 |
1 |
|
|a растительное сырье
|
| 610 |
1 |
|
|a кора
|
| 610 |
1 |
|
|a осина
|
| 610 |
1 |
|
|a труды учёных ТПУ
|
| 610 |
1 |
|
|a диссертации
|
| 675 |
|
|
|a 661.12(04)
|v 3
|
| 686 |
|
|
|a 02.00.03
|2 oksvnk
|
| 700 |
|
1 |
|a Степанова
|b Е. В.
|c химик
|c ведущий инженер Томского политехнического университета
|f 1978-
|g Елена Владимировна
|3 (RuTPU)RU\TPU\pers\29588
|9 22602
|
| 702 |
|
1 |
|a Филимонов
|b В. Д.
|c химик
|c профессор Томского политехнического университета, доктор химических наук
|f 1945-
|g Виктор Дмитриевич
|3 (RuTPU)RU\TPU\pers\12908
|4 727
|9 3693
|
| 712 |
0 |
2 |
|a Национальный исследовательский Томский политехнический университет (ТПУ)
|c (2009- )
|3 (RuTPU)RU\TPU\col\15902
|
| 801 |
|
1 |
|a RU
|b 63413507
|c 20140603
|
| 801 |
|
2 |
|a RU
|b 63413507
|c 20140620
|g RCR
|
| 942 |
|
|
|c BK
|